E.E. Ellsworth autobiographical account, (Record no. 44799)
[ view plain ]
| 000 -LEADER | |
|---|---|
| fixed length control field | 01404cpcaa2200289 a 4500 |
| 001 - CONTROL NUMBER | |
| control field | mm2009085479 |
| 003 - CONTROL NUMBER IDENTIFIER | |
| control field | DLC |
| 005 - DATE AND TIME OF LATEST TRANSACTION | |
| control field | 20260227111731.0 |
| 008 - FIXED-LENGTH DATA ELEMENTS--GENERAL INFORMATION | |
| fixed length control field | 090821|||||||||||| eng |
| 010 ## - LIBRARY OF CONGRESS CONTROL NUMBER | |
| LC control number | mm2009085479 |
| 040 ## - CATALOGING SOURCE | |
| Original cataloging agency | DLC |
| Transcribing agency | DLC |
| Description conventions | dacs |
| Modifying agency | DLC |
| 072 #7 - SUBJECT CATEGORY CODE | |
| Subject category code | W |
| Source | lcmd |
| 100 1# - MAIN ENTRY--PERSONAL NAME | |
| Personal name | Ellsworth, E. E. |
| Fuller form of name | (Elmer Ephraim), |
| Dates associated with a name | 1837-1861. |
| 245 00 - TITLE STATEMENT | |
| Title | E.E. Ellsworth autobiographical account, |
| Inclusive dates | 1861. |
| 300 ## - PHYSICAL DESCRIPTION | |
| Extent | 1 |
| Type of unit | item. |
| 506 0# - RESTRICTIONS ON ACCESS NOTE | |
| Terms governing access | Open to research. |
| 520 8# - SUMMARY, ETC. | |
| Summary, etc. | Autobiographical account written by Ellsworth while accompanying President-elect Abraham Lincoln on his inaugural journey from Springfield, Ill., to Washington, D.C., in February 1861. Ellsworth describes his military career as founder of the 11th New York Infantry Regiment (also known as Ellsworth's Zouaves). |
| 545 0# - BIOGRAPHICAL OR HISTORICAL DATA | |
| Biographical or historical data | U.S. Army officer and lawyer. Ellsworth studied law with Abraham Lincoln prior to working on Lincoln's presidential campaign. |
| 546 ## - LANGUAGE NOTE | |
| Language note | Collection material in English. |
| 580 ## - LINKING ENTRY COMPLEXITY NOTE | |
| Linking entry complexity note | Forms part of: Miscellaneous Manuscripts collection. |
| 600 10 - SUBJECT ADDED ENTRY--PERSONAL NAME | |
| Personal name | Lincoln, Abraham, |
| Dates associated with a name | 1809-1865. |
| 610 10 - SUBJECT ADDED ENTRY--CORPORATE NAME | |
| Corporate name or jurisdiction name as entry element | United States. |
| Subordinate unit | Army. |
| -- | New York Infantry Regiment, 11th (1861-1862) |
| 656 #7 - INDEX TERM--OCCUPATION | |
| Occupation | Army officers. |
| Source of term | itoamc |
| 656 #7 - INDEX TERM--OCCUPATION | |
| Occupation | Lawyers. |
| Source of term | itoamc |
No items available.